000 01473nam a22004097a 4500
003 OSt
005 20230524101751.0
008 221006b |||||||| |||| 00| 0 eng d
040 _cBiblioteca Lado V
082 _a700
_bA786l
110 _9830
_aARTEDER
_eEditor
245 _aLAPIZ/
_bRevista Mensual de Arte/
260 _bFeria internacional de Bilbao
_c1991
_aEspaña
300 _c22x29cm
_a89p.
366 _espa
490 _a81
_vIX
505 _aLa utopia, la vanguardia histórica y la televisión
505 _aEl caso Bofill
505 _aA cyberpunk muystique
505 _aSeñas de identidad
505 _aEl espacio sencible
505 _aEn los limites del color
505 _aRefracciones visuales
505 _aQue hace a las exposiciones del pop tan diferentes, tan atractivas?
505 _aCronicas de Exposiciones
505 _aPublicaciones
650 _2Tesauro de Arte & Arquitectura
_aARTE
_9703
650 _2Tesauro de Arte & Arquitectura
_aARQUITECTURA
650 _2Tesauro de Arte & Arquitectura
_aFOTOGRAFIA
_9702
650 _2Tesauro de Arte & Arquitectura
_aENTREVISTAS
650 _2Tesauro de Arte & Arquitectura
_aARQUEOLOGIA
650 _2Tesauro de Arte & Arquitectura
_aREPORTAJES
650 _2Tesauro de Arte & Arquitectura
_aLIBROS
650 _2Tesauro de Arte & Arquitectura
_aNOTICIAS
651 _2Tesauro de Arte & Arquitectura
_aSUBASTAS
942 _2ddc
_c1
_h700
_iA786l
_n0
999 _c3693
_d3693